LEADER 01016nam0-2200325---450- 001 990008148460403321 005 20050712103342.0 035 $a000814846 035 $aFED01000814846 035 $a(Aleph)000814846FED01 035 $a000814846 100 $a20050712d2004----km-y0itay50------ba 101 1 $aita 102 $aIT 200 1 $aQuestioni di moda$eclasse, genere e identita nell'abbigliamento$fDiana Crane$ga cura di Emanuela Mora 210 $aMilano$cFrancoAngeli$d2004 215 $a304 p.$c[24] c. di tav. : ill.$d23 cm 225 1 $aProdurre cultura creare comunicazione$v4 300 $aTrad. di Marinella Giambo. Tit. orig.: Fashion and its social agendas 610 0 $aModa$aStoria 676 $a391.009$v21$zita 700 1$aCrane,$bDiana$045985 702 1$aMora,$bEmanuela 801 0$aIT$bUNINA$gRICA$2UNIMARC 901 $aBK 912 $a990008148460403321 952 $aCollez. 2050 (4)$b41394$fFSPBC 959 $aFSPBC 996 $aQuestioni di moda$9736655 997 $aUNINA LEADER 01020nam2-2200349---450- 001 990006064490203316 005 20150805105003.0 035 $a000606449 035 $aUSA01000606449 035 $a(ALEPH)000606449USA01 035 $a000606449 100 $a20050105d1965-----km-y0itay0103----ba 101 $aita 102 $aIT 105 $aa|||||||001yy 200 1 $a<> : Auxologia prenatale$fdi G. De Toni$gcon la collaborazione di E. De Toni jr. e C. Zunin 210 $aTorino$cMinerva medica$d1965 215 $aXV, 812 p.$cill.$d26 cm. 410 0$12001 454 1$12001 461 1$1001000606447$12001$aAuxologia 606 0 $aAccrescimento corporeo$xInfanzia 676 $a612.647 700 1$aDE TONI,$bGiovanni$069526 801 0$aIT$bsalbc$gISBD 912 $a990006064490203316 951 $aXVII.B. 1132/1$b8046 DLM$cXVII.B.$d381651 959 $aBK 969 $aDILAM 979 $aRIVELLI$b90$c20150805$lUSA01$h1050 996 $aAuxologia prenatale$91102200 997 $aUNISA